000 00949pam a2200277 i 4500
999 _c5475
_d5475
001 3665080
003 GBCCL
005 20241126110543.0
008 770308s1977 moua j 000 1 eng
010 _a 77003550
020 _a0570036127 :
_c$1.95
040 _aDLC
_cDLC
_dDLC
042 _alcac
050 0 0 _aPZ7.R164
_bRe
082 0 0 _a813.54
_bRAN
100 1 _aRanger, Mary,
_d1934-
_99859
245 1 0 _aRebellious Rebecca :
_ba tax collector's daughter finds her life changing after Christ's visit /
_cby Mary Ranger.
260 _aSt. Louis :
_bConcordia Pub. House,
_cc1977.
300 _a[56] p. :
_bill. ;
_c23 cm.
490 0 _aStarlight books
520 _aThe life of a notorious bully drastically changes after she and her family become followers of Jesus.
600 0 0 _aJesus Christ
_xJuvenile fiction.
_99860
600 0 1 _aJesus Christ
_xFiction.
_99104
906 _a7
_bcbc
_corignew
_d1
_eocip
_f19
_gy-gencatlg
942 _2ddc
_cBK